000 01381ngm a22004210a 4500
001 PT38209
003 AR-LpoUNG
005 20210202000516.0
007 vd cvaizq
008 191001s1999||||ag |||||||||||||||||spa d
037 _c$11.25
040 _aAR-LpoUNG
_bspa
_cAR-LpoUNG
_eaacr
041 _aspa
044 _aag
082 0 _a982.064 846vid
100 1 _aBrenman, DarĂ­o
_edir.
245 1 0 _aDe vida y memoria :
_b1994 : atentado en A.M.I.A.
260 _aBuenos Aires :
_bBlackman,
_c[1999].
300 _aDVD (95 min.) : son., col.
520 _a<p>En la ma&ntilde;ana del 18 de julio de 1994, los argetinos volvimos a sufrir el horror: una bomba estallaba en el edificio de la A.M.I.A (Asociaci&oacute;n Mutual Israel&iacute;-Argentina), situaldo en el barrio de Once de Capital Federal. A partir de entonces, los familiares y amigos de las vistimas no han cesado en su reclamo de justicia</p>
650 4 _aARGENTINA
650 4 _aCONFLICTOS POLITICOS
650 4 _aDELITOS
650 4 _aISRAEL
650 4 _aISRAELIES
650 4 _aPROBLEMAS SOCIALES
650 4 _aTERRORISMo
650 4 _aVIOLENCIA
651 4 _aArgentina
653 _aCINE
653 _aCINE ARGENTINO
653 _aDOCUMENTALES
653 _aVIDEOS
700 1 _aCreus, Ricardo
_edir.
700 1 _aMedina, Mario Omar
_edir.
905 _a38209
942 _cDVD
999 _c54991
_d54991